000 01016nam0a2200289 4500
001 RU\NLR\bibl\792466
005 20260607045505.0
010 _a5-98142-008-1
_9100
035 _a(NLR Aleph) 000781695
090 _a1066088
_c1066088
100 _a20050425d2004 |||y0rusy50 ca
101 1 _arus
_cger
102 _aRU
105 _ay |||||||||
200 1 _aТребование человечности
_fО.Ф. Больнов
_gпер. с нем. С.Э. Никулина
210 _aСанкт-Петербург
_cМозаика
_d2004
215 _a19 с.
_d21
320 _aБиблиогр.: с. 19 (11 назв.)
606 1 _aЭкзистенциализм
_yГермания
_91964542
_3RU\NLR\auth\661186882
686 _aЮ3(4Ф)6-663
700 1 _4070
_7ca
_8rus
_aБольнов
_bО. Ф.
_f1903-1991
_gОтто Фридрих
_98287
_3RU\NLR\auth\7725238
801 0 _aRU
_bNLR
_c20050425
_gPSBO
801 1 _aRU
_bNLR
_c20050425
830 _aавт. по кн
942 _cBOOK
980 _aNB